<?xml version="1.0" encoding="UTF-8"?>
<record
    xmlns:xsi="http://www.w3.org/2001/XMLSchema-instance"
    xsi:schemaLocation="http://www.loc.gov/MARC21/slim http://www.loc.gov/standards/marcxml/schema/MARC21slim.xsd"
    xmlns="http://www.loc.gov/MARC21/slim">

  <leader>00653nam a22002057a 4500</leader>
  <controlfield tag="003">OSt</controlfield>
  <controlfield tag="005">20160621162605.0</controlfield>
  <controlfield tag="008">160621s2016    spc||||  |||||0|| | spa|d</controlfield>
  <datafield tag="020" ind1=" " ind2=" ">
    <subfield code="a">9788466658584</subfield>
  </datafield>
  <datafield tag="040" ind1=" " ind2=" ">
    <subfield code="b">cat</subfield>
    <subfield code="c">CDMR</subfield>
  </datafield>
  <datafield tag="100" ind1="1" ind2=" ">
    <subfield code="a">Rovira, Bru</subfield>
    <subfield code="d">1955-</subfield>
    <subfield code="9">4191</subfield>
  </datafield>
  <datafield tag="245" ind1="1" ind2="0">
    <subfield code="a">S&#xF3;lo pido un poco de belleza </subfield>
    <subfield code="c">Bru Rovira</subfield>
  </datafield>
  <datafield tag="260" ind1=" " ind2=" ">
    <subfield code="a">Barcelona [etc.] :</subfield>
    <subfield code="b">Ediciones B,</subfield>
    <subfield code="c">2016</subfield>
  </datafield>
  <datafield tag="300" ind1=" " ind2=" ">
    <subfield code="a">248 p. ;</subfield>
    <subfield code="c">24 cm</subfield>
  </datafield>
  <datafield tag="650" ind1="0" ind2="4">
    <subfield code="a">Periodisme</subfield>
    <subfield code="z">Barcelona</subfield>
    <subfield code="9">382</subfield>
  </datafield>
  <datafield tag="650" ind1=" " ind2="7">
    <subfield code="a">Persones desfavorides</subfield>
    <subfield code="z">Catalunya</subfield>
    <subfield code="z">Barcelona</subfield>
    <subfield code="x">Biografia</subfield>
    <subfield code="2">lemac</subfield>
  </datafield>
  <datafield tag="650" ind1=" " ind2="7">
    <subfield code="a">Marginaci&#xF3; social</subfield>
    <subfield code="z">Catalunya</subfield>
    <subfield code="z">Barcelona</subfield>
    <subfield code="2">lemac</subfield>
    <subfield code="9">4236</subfield>
  </datafield>
  <datafield tag="651" ind1=" " ind2="4">
    <subfield code="a">Barcelona en la literatura</subfield>
  </datafield>
  <datafield tag="942" ind1=" " ind2=" ">
    <subfield code="2">udc</subfield>
    <subfield code="c">MON</subfield>
  </datafield>
  <datafield tag="999" ind1=" " ind2=" ">
    <subfield code="c">6942</subfield>
    <subfield code="d">6942</subfield>
  </datafield>
  <datafield tag="952" ind1=" " ind2=" ">
    <subfield code="0">0</subfield>
    <subfield code="1">0</subfield>
    <subfield code="4">0</subfield>
    <subfield code="7">0</subfield>
    <subfield code="a">CDMR</subfield>
    <subfield code="b">CDMR</subfield>
    <subfield code="d">2016-06-21</subfield>
    <subfield code="e">Intercanvi</subfield>
    <subfield code="g">21.00</subfield>
    <subfield code="l">0</subfield>
    <subfield code="o">Du 6/92</subfield>
    <subfield code="p">CDMR16061265</subfield>
    <subfield code="r">2016-06-21</subfield>
    <subfield code="v">21.00</subfield>
    <subfield code="w">2016-06-21</subfield>
    <subfield code="y">MON</subfield>
  </datafield>
</record>
